Využívanie architektúry orientovanej na služby v prostredí malých a stredných podnikov v SR

Stúpajúci trend využívania informačných a komunikačných technológií malými a strednými podnikmi. Konkurenčná výhoda - čas, za ktorý podnik dokáže prispôsobiť svoje procesy novým trhovým podmienkam a upraviť svoje informačné systémy. Potreba budovania a využívania vhodnej architektúry informačných sy...

Full description

Saved in:
Bibliographic Details
Main Author: Škurla, Peter
Format: Book Chapter
Language:Slovak
Subjects:
Tags: Add Tag
No Tags, Be the first to tag this record!

MARC

LEADER 00000nla$a2200000$$$4500
001 0101433
005 20240502072116.2
041 0 |a slo 
044 |a SK 
245 1 0 |a Využívanie architektúry orientovanej na služby v prostredí malých a stredných podnikov v SR  |c Peter Škurla 
520 |a Stúpajúci trend využívania informačných a komunikačných technológií malými a strednými podnikmi. Konkurenčná výhoda - čas, za ktorý podnik dokáže prispôsobiť svoje procesy novým trhovým podmienkam a upraviť svoje informačné systémy. Potreba budovania a využívania vhodnej architektúry informačných systémov. Výsledky prieskumu v oblasti využívania architektúry orientovanej na služby v prostredí malých a stredných podnikov v SR. 
610 2 0 |a technológie informačné 
610 2 0 |a technológie komunikačné 
610 2 0 |a služby 
610 2 0 |a podnik malý 
610 2 0 |a podnik stredný 
610 2 0 |a prieskum štatistický 
610 2 0 |a Slovensko 
100 1 |a Škurla, Peter